|
|
|
|
| LEADER |
00000nam2a2200000 4500 |
| 001 |
229040 |
| 005 |
20240122111725.0 |
| 035 |
|
|
|a (RuTPU)RU\TPU\book\249577
|
| 090 |
|
|
|a 229040
|
| 100 |
|
|
|a 20121225d2012 m y0rusy50 ca
|
| 101 |
0 |
|
|a rus
|
| 102 |
|
|
|a RU
|
| 105 |
|
|
|a y j 001zy
|
| 200 |
0 |
|
|a Ч. 2 : Галоген- и кислородсодержащие соединения
|f Т. А. Сарычева [и др.]
|
| 210 |
|
|
|d 2012
|
| 215 |
|
|
|a 197 с.
|
| 320 |
|
|
|a Библиогр.: с. 196.
|
| 330 |
|
|
|a Представленный задачник является частью учебно-методического комплекса, разрабатываемого кафедрой органической химии и технологии органического синтеза Томского политехнического университета. В каждом домашнем задании от 5-ти до 10-ти типовых задач, люоая задача содержит 25 вариантов, обозначенных буквами алфавита. Таким образом, студент получает индивидуальное задание. Кроме типовых задач предложены задачи повышенной сложности, олимпиадные задания. Все задачи снабжены решениями. Для каждой типовой задачи приводится подробное решение одного из вариантов, для остальных 24-х вариантов даны ответы. Для сложных задач приведены подробные решения и необходимые комментарии.
|
| 461 |
|
1 |
|0 (RuTPU)RU\TPU\book\249921
|t Сборник задач по органической химии с решениями
|o учебное пособие
|o в 2 ч.
|f НИ ТПУ
|v Ч. 2 : Галоген- и кислородсодержащие соединения
|d 2012
|
| 606 |
1 |
|
|a Органическая химия
|2 stltpush
|3 (RuTPU)RU\TPU\subj\47309
|9 66362
|
| 610 |
1 |
|
|a задачи
|
| 610 |
1 |
|
|a задачники
|
| 610 |
1 |
|
|a органические галогениды
|
| 610 |
1 |
|
|a спирты
|
| 610 |
1 |
|
|a фенолы
|
| 610 |
1 |
|
|a альдегиды
|
| 610 |
1 |
|
|a кетоны
|
| 610 |
1 |
|
|a карбоновые кислоты
|
| 610 |
1 |
|
|a учебные пособия
|
| 610 |
1 |
|
|a труды учёных ТПУ
|
| 675 |
|
|
|a 547(076)
|v 3
|
| 701 |
|
1 |
|a Сарычева
|b Т. А.
|c химик
|c доцент Томского политехнического университета, кандидат химических наук
|f 1952-
|g Тамара Александровна
|3 (RuTPU)RU\TPU\pers\26139
|
| 701 |
|
1 |
|a Тимощенко
|b Л. В.
|c химик
|c доцент Томского политехнического университета, кандидат химических наук
|f 1960-
|g Лариса Владимировна
|3 (RuTPU)RU\TPU\pers\26628
|
| 701 |
|
1 |
|a Штрыкова
|b В. В.
|c химик
|c доцент Томского политехнического университета, кандидат химических наук
|f 1962-
|g Виктория Викторовна
|3 (RuTPU)RU\TPU\pers\28949
|9 13682
|
| 701 |
|
1 |
|a Юсубова
|b Р. Я.
|c химик
|c доцент Томского политехнического университета, кандидат химических наук
|f 1964-
|g Роза Явидовна
|3 (RuTPU)RU\TPU\pers\28057
|9 13019
|
| 801 |
|
1 |
|a RU
|b 63413507
|c 20121225
|
| 801 |
|
2 |
|a RU
|b 63413507
|c 20221205
|g RCR
|
| 942 |
|
|
|c BK
|